Statistics for Biggest U.S. Cities as a Percent of the State - Hard

Click here to take the quiz!

General Stats

  • This quiz has been taken 57 times
    (50 since last reset)
  • The average score is 52 of 74

Answer Stats

PercentageU.S. City% Correct
43.19%New York
98%
22.89%Phoenix
96%
9.39%Seattle
96%
15.44%Portland, OR
96%
5.03%Portland, ME
96%
21.22%Las Vegas
94%
9.82%Boston
94%
5.20%Kansas City, KS
94%
9.86%Memphis
94%
7.81%Kansas City, MO
94%
8.32%New Orleans
92%
7.49%Minneapolis
92%
16.09%Oklahoma City
92%
24.64%Honolulu
92%
10.12%Los Angeles
92%
40.45%Anchorage
90%
10.34%Baltimore
90%
12.32%Denver
90%
6.82%Detroit
90%
5.70%Jackson
90%
26.81%Albuquerque
88%
12.86%Indianapolis
88%
13.32%Boise
88%
7.32%Columbus
88%
21.25%Chicago
88%
5.19%St. Louis
88%
8.24%Houston
88%
12.24%Philadelphia
85%
7.79%Tucson
85%
6.31%Salt Lake City
85%
9.84%Nashville
85%
23.28%Omaha
83%
8.07%Charlotte
83%
10.39%Milwaukee
83%
13.39%Wichita
81%
19.82%Sioux Falls
79%
16.97%Providence
79%
6.60%Little Rock
77%
10.28%Tulsa
75%
8.21%Reno
75%
14.54%Lincoln
75%
10.81%Cheyenne
73%
5.48%St. Paul
73%
6.71%Des Moines
73%
13.87%Louisville
73%
9.39%Bismarck
73%
8.24%Colorado Springs
73%
10.58%Billings
73%
5.28%San Antonio
71%
5.38%Virginia Beach
69%
15.64%Fargo
69%
6.91%Mesa
60%
7.69%Wilmington
58%
7.09%Lexington
58%
6.78%Burlington
56%
10.29%Casper
52%
9.72%Henderson
52%
8.26%Manchester
52%
8.51%Rapid City
50%
7.99%North Las Vegas
48%
6.49%Aurora
44%
6.41%Overland Park
40%
6.60%Nashua
38%
6.81%Missoula
35%
5.49%Laramie
27%
5.34%Nampa
27%
7.73%Warwick
25%
7.52%Grand Forks
25%
6.52%Minot
23%
5.57%Gillette
21%
5.72%Great Falls
19%
7.68%Cranston
17%
6.78%Pawtucket
17%
5.39%Meridian
15%

Score Distribution

Percentile by Number Answered

Percent of People with Each Score

Your Score History

You have not taken this quiz since the last reset